000 00843nas a2200265 4500
001 BR7603036
003 BR-BrBNA
005 20231205083003.0
007 ta
008 230509b bl.|||p| |||| 00| 00por d
040 _aBR-BrBNA
_bpor
_cBiblioteca Nacional de Agricultura
041 _a(Pt)
072 _aS10
100 1 _aFigueiredo, C.M.P. de
100 1 _aIachan, A.
245 1 _aIsolamento e caracterizacao parcial de um glicopeptidio antigenico da castanha do Para [Bertholetia excelsa]
_bParte de tese
650 _aComposicao de alimento
650 _aCastanha do Para
650 _aAcucar
650 _aAnalise quimica
650 _aAnalise de alimento
773 0 _tInformativo do INT (Brazil)
_xISSN 0019-0233
_g(Jul 1976), v. 9(12) p. 3-9
_wBR7603036
909 _a202311
_bLúcia
_c55
_dLúcia Elande
942 _2AGRIS
_n0
_cANA
999 _c95575
_d95575